000 00378nam a2200133Ia 4500
008 211109s9999||||xx |||||||||||||| ||und||
082 _a929.5
_bSIR-I
100 _aSircar, D C
245 0 _aInscriptions of Asoka
260 _bPublicatin Division
_aGov. India
_c1967
630 _xGeneral Stack
650 _aIndia
_vIndian KingsHistoryHistory of India
_xBiography
942 _cBOOK
999 _c30472
_d30472